Quizzes
Events
Quiz Creation
Community
Videos
Private Events
Remove Ads
Sign In
Join for FREE
Feedback
Dark Mode
Quiz Categories
Sports
Geography
Music
Movies
Television
Just For Fun
Miscellaneous
History
Literature
Language
Science
Gaming
Entertainment
Religion
Holiday
For Kids
Quiz Lab
Recent
Popular Today
Quiz Kudos Today
Editor Picks
Curator Picks
Quizzes by...
Day
Popularity
Type
Ratings
Length
Year
Community
Subscriptions
Recent Discussions
Orange Saloon
Badges
Playlists
Quests
Create
Leaderboards
Showdown
Live 5
Trivia Bingo
Activity
Puzzle Library
Sporcle Events
Private Events
Virtual Trivia
Globe League
Become a Host
Pub Owners
SporcleCon
Opinionation
Our Games
Videos
Blog
Mobile Apps
Partnerships
Remove Ads and Go Orange
Feedback
Sports
Athletes
MLB
NBA
NHL
NFL
Soccer
Sports Teams
WWE
NCAA
Football
Premier League
Basketball
Baseball
Hockey
Golf
Tennis
Cricket
Rugby
Auto Racing
Olympics
World Cup
Sports
Athletes
MLB
NBA
NHL
NFL
Soccer
Sports Teams
WWE
NCAA
Football
Premier League
Basketball
Baseball
Hockey
Golf
Tennis
Cricket
Rugby
Auto Racing
Olympics
World Cup
Random Quiz
Search Sporcle
×
Quiz Lab
Quiz Lab
Sports
Athletes
Type in answers that appear in a list
Type in answers that appear in a list
Classic
Best Score? Go Orange.
Athletes Who Died During Their Career Stats
Can you name the Athletes Who Died During Their Career ?
By
Eric92
20m
93 Questions
279 Plays
279 Plays
279 Plays
Comments
Comments
Give Quiz Kudos
Give Quiz Kudos
-
- Ratings
hide this ad
More Info
Replay
Link that replays current quiz
Next Quiz
Link to next quiz in quiz playlist
You Got
0%
They Got
Avg Score
14%
Avg Friend Score
Upgrade to see
Score Distribution
Jump to the score distribution portion of the page
Score
0/93
Timer
20:00
0
Plays Today
Team
Year
% Correct
Boston Celtics
Len Bias
71%
Pittsburgh Pirates
Roberto Clemente
54.5%
Boston Celtics
Reggie Lewis
47%
New York Yankees
Thurman Munson
46.6%
Denver Broncos
Darrent Williams
45.5%
Los Angeles Angels
Nick Adenhart
43%
St. Louis Cardinals
Darryl Kile
42.7%
New York Yankees
Cory Lidle
40.9%
Arizona Cardinals
Pat Tillman
38%
Minnesota Vikings
Korey Stringer
35.5%
New Jersey Nets
Drazen Petrovic
34.8%
Washington Redskins
Sean Taylor
33.3%
Detroit Lions
Corey Smith
31.9%
Cincinatti Bengals
Chris Henry
31.2%
Kansas City Chiefs
Derrick Thomas
30.8%
California Angels
Donnie Moore
28%
Minnesota Timberwolves
Malik Sealy
27.6%
Philadelphia Eagles
Jerome Brown
25.4%
Cleveland Indians
Tim Crews
23.3%
Charlotte Hornets
Bobby Phills
22.6%
Cleveland Indians
Steve Olin
22.2%
California Angels
Lyman Bostock
21.5%
Chicago Bears
Gaines Adams
21.1%
Cleveland Indians
Ray Chapman
20.8%
Chicago Bears
Brain Piccolo
19.4%
St Louis Cardinals
Josh Hancock
17.2%
Atlanta Hawks
Jason Collier
16.5%
Minnesota Timberwolves
Eddie Griffin
16.5%
Chicago Cubs
Ken Hubbs
14.7%
Carolina Panthers
Fred Lane
14.3%
Houston Astros
Don Wilson
14%
Team
Year
% Correct
Kansas City Royals
Dick Howser
13.6%
New Enlgand Patriots
Marquise Hill
13.6%
Cleveland Browns
Ernie Davis
13.3%
San Diego Padres
Mike Darr
12.9%
Washington Senators
Ed Delahanty
11.5%
Milwaukee Brewers
Geremi Gonzalez
11.5%
Toronto Blue Jays
Joe Kennedy
10.4%
Pittsburgh Pirates
Bob Moose
10.4%
Oakland Raiders
Eric Turner
10.4%
Baltimore Orioles
Steve Bechler
9.7%
Cleveland Indians
Cliff Young
9.7%
San Diego Chargers
Ralph Anderson
9.7%
Oakland Raiders
Marquis Cooper
9.7%
Denver Broncos
Damien Nash
9.3%
Texas Rangers
Danny Thompson
9%
Cleveland Indians
Addie Joss
8.6%
San Diego Chargers
Rodney Culver
8.6%
Milwaukee Brewers
Danny Frisella
8.2%
San Diego Padres
Mike Sharperson
7.9%
Cleveland Browns
Don Rogers
7.9%
Detroit Lions
Chuck Hughes
7.5%
Cincinatti Reds
Dernell Stenson
7.2%
Houston Oilers
Jeff Alm
7.2%
Sacremento Kings
Rick Berry
6.5%
California Angels
Mike Miley
6.5%
Chicago Bears
Fred Washington
6.1%
Phoenix Suns
Nick Vanos
5.4%
Boston Red Sox
Harry Agganis
5.4%
Chicago White Sox
Joe Desa
5.4%
Oaklan Raiders
Leon Bender
5.4%
Buffalo Bills
Bob Kalsu
5.4%
Team
Year
% Correct
Miami Dolphins
David Overstreet
5.4%
San Diego Chargers
Ricky Bell
5%
Orlando Magic
Conrad McRae
4.7%
San Diego Chargers
David Griggs
4.7%
Utah Jazz
Terry Furlow
4.3%
Miami Dolphins
Rusty Chambers
4.3%
Los Angeles Rams
Stacey Toran
4.3%
New York Giants
Troy Archer
3.9%
New York Giants
Al Blozis
3.9%
Indianapolis Colts
Shane Curry
3.9%
San Francisco Giants
Nestor Chavez
3.6%
New York Giants
Eddie Grant
3.6%
Detroit Lions
Eric Andolsek
3.6%
Philadelphia Eagles
Blenda Gay
3.6%
Houston Colt 45s
Jay Dahl
3.2%
Montreal Expos
Gus Polidor
3.2%
New York Yankees
Urban Shocker
3.2%
Washington Senators
Elmer Gedeon
2.9%
Indianapolis Colts
Brandon Burlsworth
2.9%
Atlanta Falcons
Ralph Norwood
2.9%
Boston Braves
Tony Boeckel
2.5%
Brooklyn Dodgers
Len Koenecke
2.5%
Philadelphia Phillies
Harry O'neill
2.5%
Cincinatti Bengals
Frank Buncom
2.5%
Atlanta Falcons
David Croudip
2.5%
Miami Dolphins
Larry Gordon
2.5%
Los Angeles Dodgers
Jonathan Figueroa
2.2%
San Francisco 49ers
Al Blades
2.2%
Los Angeles Raiders
Dave Waymer
2.2%
Atlanta Falcons
Brad Beckham
1.8%
San Fransciso 49ers
Thomas Herriron
1.1%
Quiz Playlist
Details
Report
Send in Message
Add To Playlist
More Info:
Athletes from Baseball, Basketball, and Football who died while still active in their careers.
Classic:
Type in answers that appear in a list
Quiz Source
Last Updated: Feb 16, 2017
Quiz Scoreboard
CHALLENGE
Sign Up to Join the Scoreboard
Show All
Scores
Hide
Comments
May contain spoilers
Recently Published
Presidents Visiting Landmarks
by Hejman
History
7m
An Introduction to Baseball
by treessimontrees
Sports
5m
Movies - When Are They Set?
by FPL_Elf
Movies
5m
More to Explore
Quiz From the Vault
Featured Blog Post
Where Did the Easter Bunny Come From?
hide this ad
You Might Also Like...
Tags
Athletes Quiz
Career
death
Deceased
team
Today's Top Quizzes in Sports
Browse Sports
hide this ad
Today's Top Quizzes in Athletes
Browse Athletes
Top Contributed Quizzes in Sports
1
Les meilleurs buteurs des matchs entre le PSG et l’OM
2
2022 World Cup Stars
3
FIFA Club World Cup Champions
4
Les entraîneurs de l'OM et du PSG au 21e siècle
5
Name the Premier League winners with different clubs
6
La finale Lions - Afrique du Sud 2021
7
5-to-1: UK Sports Teams
8
England Test cricketers to play under Nasser Hussain
9
Players with Multiple 50 Home Run Seasons
10
AFC Teams Reveal (Wrong Answers Minefield)
Explore More
Trending Topics
Marvel
Crossword
NBA
Disney
Kpop
Anime
Harry Potter
The Office
Soccer
NFL
WWE
Puzzle
Country
Pokémon
Song
hide this ad
More By:
Eric92
Quiz
Plays
Rating
Category
Featured
Created
Marshawn Lynch's 8 Broken Tackles
3,523
4.21
Sports
Jan 8, 2011
New York Mets Homerun Leaders By Year
1,347
4.00
Sports
Jan 13, 2010
Top 100 Career Batting Avg Leaders
1,210
4.25
Sports
Jul 29, 2010
Baseball HOF'ers Who Played For Mets
920
4.14
Sports
Jan 24, 2010
ESPN's Best Athletes By Number 00-99
719
2.00
Sports
Dec 19, 2009
Go to Creator's Profile
Score Distribution
Quiz Creator Spotlight
Eric92
Follow
Send a Message
Quizzes Created
-
Created Quiz Play Count
-
More By This Creator
Popular Quizzes Today
1
Find the US States - No Outlines Minefield
2
Find the Countries of Europe - No Outlines Minefield
3
The Countries of the World
4
Find the US States
5
Popular People in 1961
6
US States
7
Risky Map Clicking: Biggest States A-Z
8
Movies - When Are They Set?
More Sports Quizzes
10 Wins: NO PLAYOFFS!
Quiz Lab
Trending Quizzes
Risky Map Clicking: Least Populous States A-Z
1-10 Letter G Words
1-10 Letter F Words
Risky Map Clicking: Next State Alphabetically
Risky Map Clicking: Biggest States A-Z
Recently Updated
Leaping Animals
pecheneg
Reality TV Shows (A-Z)
bhenderson79
Rickey Henderson's Hall of Fame Teammates
pecheneg
Champions League XIs: Arsenal
pecheneg
Quick Pick: Celebrities in WWE's Hall of Fame
aduchscher
A-Z Keypad Blitz II
pecheneg
Multiple Oscar Actors
pecheneg
Mystery Phrase Blitz: Oscar 'Best Actors'
pecheneg
F. Scott Fitzgerald Novels
LTH
Pick 3 Villains
ddd62291
Trending Topics
Kpop
NBA
Harry Potter
Anime
Crossword
Disney
Marvel
WWE
Soccer
NFL
The Office
Country
Pokémon
Puzzle
Song
Your Account Isn't Verified!
In order to create a playlist on Sporcle, you need to verify the email address you used during registration. Go to your
Sporcle Settings
to finish the process.
Report this User
Report this user for behavior that violates our
Community Guidelines
.
Details:
Send Report
Go to the Sporcle.com Mobile Site →
Comments